000 00612nam a2200193 a 4500
001 BRCA_7327
005 20190320205808.0
008 220812s2012----mx-a######---#000-0#spa-#
020 _a9786074300611
041 _aspa
044 _amx
050 4 _aAM23
_b.S56 2012
245 1 0 _aII [i.e. Segundo] Simposium Internacional Ocio, museos y nuevas tecnologías.
260 _aMéxico
_bDirección General de Promoción Cultural, Obra Pública y Acervo Patrimonial
_c2012
300 _a269 p.
_bil. a color
_c28 cm.
650 1 4 _aMuseos
_vCongresos
_zMéxico
_97050
650 1 4 _aTecnología
_918120
942 _2lcc
_cB
999 _c7003
_d7003